1061 1608 1282 1082 1770 1634 1232 1262 1265 1567 1949 1196 1756 1684 1732 1311 1090 1001 1263 1945 1228 1135 1752 1351 1802 1054 1957 1374 1335 1989 1241 1859 1218 1704 1944 1514 1227 1632 1046 1995 1901 1599 1299 1570 1030 1700 1859 1604 1419 1558 1956 1534 1722 1161 1149 1617 1204 1908 1189 1137 1037 1492 1397 1973 1402 1178 1603 1541 1879 1093 1858 1077 1927 1566 1463 1336 1542 1396 1924 1755 1900 1684 1646 1827 1927 1552 1631 1848 1615 1674 1117 1578 1839 1598 1344 1087 1286 1747 1997 BCNSPRNW ULIB Ver.6.0+V

เปลี่ยนเป็นภาษาไทย

Change to English
 แสดงรายละเอียดบรรณานุกรม
  กลับหน้าหลัก

Brief Record : Get Marc (ISO 2709) : E-mail record : QR code < ปิดหน้าต่าง
LEADER : 00000nam a2200000 a 4500
001    13399114167
003     ULIB
008    110712s2555 th a 000 0 tha d
020    ^a9786167047126
060 04 ^aWF145^bท116ก
100 1  ^aทนันชัย บุญบูรพงศ์
245 10 ^aการบำบัดระบบหายใจในเวชปฏิบัติ =^bRespiratory care in clinical practice /^cทนันชัย บุญบูรพงศ์
246 31 ^aRespiratory care in clinical practice
250    ^aพิมพ์ครั้งที่ 3
260    ^aกรุงเทพฯ :^bภาควิชาวิสัญญีวิทยา คณะแพทยศาสตร์โรงพยาบาลรามาธิบดี. มหาวิทยาลัยมหิดล,^c2555
300    ^a590 หน้า. :^bภาพประกอบ ;^c26 ซม.
500    ^a เรียบเรียงครั้งที่ 3 มกราคม 2555
650  4 ^aระบบหายใจ
650  4 ^aระบบหายใจ^xการรักษา
710 2  ^aมหาวิทยาลัยมหิดล. ^bคณะแพทยศาสตร์โรงพยาบาลรามาธิบดี.
945    ^p500^l0^i031189
945    ^p500^l0^i031190
945    ^p500^l0^i033186
945    ^p500^l0^i033690
945    ^p500^l0^i033691
995    ^a เกษร
999 ^a ใช้งานได้ทุกระบบ
รายการนี้ยังไม่มีแท็ก
คุณยังไม่ได้ล็อกอิน คุณสามารถมีกิจกรรมร่วมกับเว็บไซต์ได้ แต่ต้องล็อกอินก่อน ::
  ล็อกอิน

รายการสื่อสารสนเทศ

ลำดับที่ ประเภท เลขเรียก/บาร์โค้ด สถานที่ สถานะ
1. วิทยาศาสตร์การแพทย์ และสุขภาพ
หนังสือสำรอง
สถานะ=หนังสือสำรอง
WF145 ท116ก ฉ.1 
  Barcode: 031189
ห้องสมุดวิทยาเขตสวรรค์ประชารักษ์
►ส่วนจัดเก็บหนังสือเก่า สปร
บนชั้น
  ขอยืม
Note:รับบริจาค จาก นายแพทย์ทนันชัย บุญบูรพงศ์
2. วิทยาศาสตร์การแพทย์ และสุขภาพ
วิทยาศาสตร์การแพทย์ และสุขภาพ
WF145 ท116ก ฉ.2 
  Barcode: 031190
ห้องสมุดวิทยาเขตสวรรค์ประชารักษ์
►ส่วนจัดเก็บหนังสือเก่า สปร
บนชั้น
  ขอยืม
Note:รับบริจาค จาก นายแพทย์ทนันชัย บุญบูรพงศ์
3. วิทยาศาสตร์การแพทย์ และสุขภาพ
วิทยาศาสตร์การแพทย์ และสุขภาพ
WF145 ท116ก ฉ.3 
  Barcode: 033186
ห้องสมุดวิทยาเขตสวรรค์ประชารักษ์
►ส่วนจัดเก็บหนังสือเก่า สปร
บนชั้น
  ขอยืม
4. วิทยาศาสตร์การแพทย์ และสุขภาพ
วิทยาศาสตร์การแพทย์ และสุขภาพ
WF145 ท116ก ฉ.4 
  Barcode: 033690
ห้องสมุดวิทยาเขตสวรรค์ประชารักษ์
►ส่วนจัดเก็บหนังสือเก่า สปร
บนชั้น
  ขอยืม
5. วิทยาศาสตร์การแพทย์ และสุขภาพ
วิทยาศาสตร์การแพทย์ และสุขภาพ
WF145 ท116ก ฉ.5 
  Barcode: 033691
ห้องสมุดวิทยาเขตสวรรค์ประชารักษ์
►ส่วนจัดเก็บหนังสือเก่า สปร
บนชั้น
  ขอยืม

รายการใกล้เคียง
    ผู้แต่ง [ทนันชัย บุญบูรพงศ์]

    หัวเรื่อง [ระบบหายใจ]

BibComment


ยังไม่เคยถูกคอมเมนท์

คอมเมนท์ทรัพยากรรายการนี้
  คอมเมนท์: การบำบัดระบบหายใ..


 Copyright 2026. Bcnsprnw @Library